Microeletronic circuit design / (Record no. 7916)
[ view plain ]
| 000 -LEADER | |
|---|---|
| fixed length control field | 00806nam a22002412 4500 |
| 001 - CONTROL NUMBER | |
| control field | 0000009475 |
| 005 - DATE AND TIME OF LATEST TRANSACTION | |
| control field | 20151217152055.0 |
| 008 - FIXED-LENGTH DATA ELEMENTS--GENERAL INFORMATION | |
| fixed length control field | 081031s xx 000 0 eng d |
| 020 ## - INTERNATIONAL STANDARD BOOK NUMBER | |
| International Standard Book Number | 0071274098 : |
| Terms of availability | KES 5000 |
| 040 ## - CATALOGING SOURCE | |
| Original cataloging agency | KABU |
| Transcribing agency | KABU |
| 100 1# - MAIN ENTRY--PERSONAL NAME | |
| Personal name | Jaeger, Richard C. |
| -- | 0000160975 |
| 245 10 - TITLE STATEMENT | |
| Title | Microeletronic circuit design / |
| Statement of responsibility, etc. | Richard C. Jaeger, Travis N. Blalock. |
| 250 ## - EDITION STATEMENT | |
| Edition statement | 3rd ed. |
| 260 ## - PUBLICATION, DISTRIBUTION, ETC. (IMPRINT) | |
| Place of publication, distribution, etc. | Boston : |
| Name of publisher, distributor, etc. | McGraw-Hill, |
| Date of publication, distribution, etc. | 2008. |
| 300 ## - PHYSICAL DESCRIPTION | |
| Extent | xxiv, 1190 p. |
| 650 #0 - SUBJECT ADDED ENTRY--TOPICAL TERM | |
| Topical term or geographic name as entry element | Integrated circuits |
| General subdivision | Design and construction. |
| -- | 0000160976 |
| 650 #0 - SUBJECT ADDED ENTRY--TOPICAL TERM | |
| Topical term or geographic name as entry element | Semiconductors |
| General subdivision | Design and construction. |
| -- | 0000160977 |
| 650 #0 - SUBJECT ADDED ENTRY--TOPICAL TERM | |
| Topical term or geographic name as entry element | Electronic circuit design. |
| -- | 0000157364 |
| 700 1# - ADDED ENTRY--PERSONAL NAME | |
| Personal name | Blalock, Travis N. |
| -- | 0000160978 |
| 908 ## - PUT COMMAND PARAMETER (RLIN) | |
| Put command parameter | 081031 |
| 950 ## - LOCAL HOLDINGS (RLIN) | |
| -- | 1 |
| Withdrawn status | Lost status | Source of classification or shelving scheme | Not for loan | Home library | Current library | Date acquired | Total Checkouts | Full call number | Barcode | Date last seen | Price effective from | Koha item type |
|---|---|---|---|---|---|---|---|---|---|---|---|---|
| Library of Congress Classification | Kabarak, Main Campus | Kabarak, Main Campus | 17/12/2015 | TK7874 .J34 2008 c. 1 | 15113 | 17/12/2015 | 17/12/2015 | General Collection |